Metalworking : yesterday and tomorrow : the 100th anniversary issue of American machinist /

Bibliographic Details
Format: Book
Language:English
Published: New York : American machinist, [1978]
Subjects:

MARC

Tag First Indicator Second Indicator Subfields
LEADER 00000cam a2200000 i 4500
001 in00004804792
008 780213s1978 nyua b 001 0 eng
005 20240807181431.1
010 |a  78002180  
035 |a (OCoLC)ocm03706887  
040 |a DLC  |b eng  |e rda  |c DLC  |d LGG  |d OCLCF  |d OCLCO  |d OCLCQ  |d OCLCO 
020 |a 0070997233 
020 |a 9780070997233 
029 1 |a AU@  |b 000001139159 
035 |a (OCoLC)03706887 
050 0 0 |a TS205  |b .M469 
082 0 0 |a 338.4/7/62180973 
049 |a MAIN 
245 0 0 |a Metalworking :  |b yesterday and tomorrow : the 100th anniversary issue of American machinist /  |c by the editors of American machinist. 
264 1 |a New York :  |b American machinist,  |c [1978] 
264 4 |c ©1978 
300 |a 160 pages :  |b illustrations ;  |c 29 cm 
336 |a text  |b txt  |2 rdacontent 
337 |a unmediated  |b n  |2 rdamedia 
338 |a volume  |b nc  |2 rdacarrier 
504 |a Includes bibliographical references (pages 153-154) and index. 
590 |b TAG Physical Holdings 2 
650 0 |a Metal-work.  |0 http://id.loc.gov/authorities/subjects/sh85084093 
650 6 |a Travail des métaux. 
650 7 |a metalworking.  |2 aat 
650 7 |a Metal-work.  |2 fast  |0 (OCoLC)fst01017786 
730 0 |a American machinist. 
994 |a 92  |b TAG 
852 |a TAG  |b TAGC  |c galv,stk  |h TS205 .M469  |t c.1 
876 |p 33620000312310  |v unmediated -- volume 
999 f f |s f7e37261-22c3-4775-97d3-5e8106a7997c  |i 00e5758e-75b0-4006-9f1c-2464c19ba95c  |t 0 
952 f f |p normal  |a Texas A&M University  |b Galveston Campus  |c Jack K. Williams Library  |d Galveston Stacks  |t 0  |e TS205 .M469  |h Library of Congress classification  |i unmediated -- volume  |m 33620000312310 
998 f f |a TS205 .M469  |t 0  |l Galveston Stacks